Estadísticas para Prueba de Albania

Haz click aquí para tomar la prueba!

Estadísticas generales

  • Esta prueba ha sido tomada 620 veces
  • La puntuación promedio es 13 de 20

Estadísticas de respuestas

PistaRespuesta% Correcto
Capital de AlbaniaTirana
98%
Países limítrofesGrecia
97%
La religión del 58,8% de la poblaciónIslam
96%
Países limítrofesKosovo
96%
Países limítrofesMontenegro
95%
Países limítrofesMacedonia del Norte
93%
El animal que aparece en su banderaÁguila Real
88%
Imperio del que formaba parte, 1480-1912Imperio Otomano
87%
Península en la que se encuentra AlbaniaBalcanes
85%
Las partes del Mediterráneo que limitan con AlbaniaMar {Adriático}
83%
El país que invadió en 1939Italia
67%
Monja que ganó el Premio Nobel de la PazTeresa de Calcuta
65%
Las partes del Mediterráneo que limitan con AlbaniaMar {Jónico}
46%
Alianza militar de la que Albania se retiró oficialmente en 1968Pacto de Varsovia
46%
La segunda ciudad más pobladaDurrës
31%
Moneda de AlbaniaLek
30%
Muhammad Ali-Pasha, nacido en Albania, es considerado
como el fundador moderno de este país
Egipto
28%
Dictador de Albania de 1944 a 1985Enver Hoxha
28%
El lago más profundo y más antiguo
de Europa del Sur, un sitio de UNESCO
Lago Ohrid
22%
Vegetal como relleno en ByrekEspinacas
19%

Distribución de puntuación

Porcentaje por número respondido

Porcentaje de gente con cada puntuación

Historial de tus puntuaciones

No has tomado esta prueba